Loading...
| History - Other | 0 | 4 | 0 | 1 | 40 | 65 | 91.00 | 1 | 3 | 10.59 | 20.00 |
| Science - Physics | 0 | 4 | 1 | 2 | 35 | 84 | 102.25 | 1 | 3 | 4.38 | 20.00 |
| History - European | 0 | 4 | 1 | 0 | 35 | 69 | 100.50 | 1 | 1 | 7.66 | 15.00 |
| Science - Chemistry | 0 | 3 | 0 | 0 | 30 | 68 | 83.33 | 1 | 2 | 8.14 | 17.50 |
| Philosophy | 0 | 2 | 0 | 1 | 20 | 60 | 94.50 | 1 | 1 | 5.31 | 12.50 |
| History - World | 0 | 2 | 1 | 1 | 15 | 32 | 78.00 | 1 | 2 | 8.16 | 15.00 |
| Current Events | 0 | 1 | 0 | 0 | 10 | 67 | 67.00 | 0 | 1 | 23.83 | 25.00 |
| History - American | 0 | 1 | 0 | 1 | 10 | 123 | 123.00 | 0 | 1 | 0.00 | 2.50 |
| Science - Biology | 0 | 1 | 0 | 0 | 10 | 93 | 93.00 | 1 | 1 | 1.84 | 10.00 |
| Science - Other | 0 | 1 | 1 | 0 | 5 | 111 | 111.00 | 0 | 0 | 0.98 | 2.50 |
| Social Science | 0 | 1 | 1 | 0 | 5 | 78 | 78.00 | 0 | 1 | 2.91 | 2.50 |
| Geography | 0 | 0 | 1 | 0 | -5 | 0.00 | 0 | 0 | 0.00 | 0.00 | |
| Fine Arts - Other | 0 | 0 | 1 | 0 | -5 | 0.00 | 0 | 0 | 0.00 | 0.00 |